000 00546nam a2200181Ia 4500
003 GCL
008 140319s9999 xx 000 0 ara d
040 _aGCL /
_cGCL
082 0 4 _a813.03
_bى ق
100 1 _aياسر عبد اللطيف
245 1 0 _aقانون الوراثة /
_cياسر عبد اللطيف
250 _aالاولى
260 _aالقاهرة :
_bميريت للنشر والمعلومات ،
_c2002
300 _a91 ص ؛
_c20 سم
650 0 4 _aالقصص العربية
650 0 4 _aالقصة
942 _2ddc
_cBK
999 _c5959
_d5959